| 000 | 00826 a2200157 4500 | ||
|---|---|---|---|
| 003 | NUST | ||
| 005 | 20221202144100.0 | ||
| 040 | _cNust | ||
| 082 | _a537,PUR | ||
| 100 |
_aEdward M. Purcell _923744 |
||
| 245 |
_aElectricity and magnetism : _bBerkeley physics course-volume-2 / _cEdward M. Purcell |
||
| 260 |
_aNew York _bMcGraw-Hill _c1972 |
||
| 300 | _axviii,459 p.: | ||
| 505 | _aElectrostatics: Charges and Fields (Page-2), The Electronic Potential (Page-36), Electric Field around Conductors (Page-80), Electric Currents (Page-110), The Fields of Moving Charges (Page-148), The Magnetic Field (Page-184), Electromagnetic Induction and Maxwell’s Equations (Page-226), Alternating –current Circuits (Page-274), Electric Fields in Matter (Page-298), Magnetic Fields in Matter (Page-352). | ||
| 942 |
_2ddc _cBK _k537,PUR |
||
| 999 |
_c189121 _d189121 |
||